00458nam a2200181Ia 4500008004100000020001400041245001900055245004400074260001500118260003300133260000900166300001600175300002500191300001000216440002200226500000900248999001900257170705s9999 xx 000 0 und d a689842554 aBlack beauty / cAnna Sewell ; foreword by Carol Fenner. aNew York : bSimon & Schuster Paperbacks, c2001 a209 pages : bcolor illustration ; c19cm. aAladdin classics. a1010 c336703d336703